| Tag |
First Indicator |
Second Indicator |
Subfields |
| LEADER |
00000cam a2200000Ii 4500 |
| 001 |
in00004093045 |
| 005 |
20200626114603.0 |
| 008 |
180731s2019 wlk b 001 0 eng d |
| 035 |
|
|
|a (OCoLC)on1046102125
|
| 040 |
|
|
|a YDX
|e rda
|c YDX
|d COD
|d NGU
|
| 020 |
|
|
|a 9781910589793
|q hardback
|
| 020 |
|
|
|a 1910589799
|q hardback
|
| 050 |
|
4 |
|a PA3022.D5
|b D53 2019
|
| 082 |
0 |
|
|a 880.15
|2 23
|
| 049 |
|
|
|a TXAM
|
| 245 |
0 |
0 |
|a Didactic poetry of Greece, Rome and beyond :
|b knowledge, power, tradition /
|c edited by Lilah Grace Canevaro and Donncha O'Rourke.
|
| 264 |
|
1 |
|a Swansea :
|b Classical Press of Wales,
|c 2019.
|
| 300 |
|
|
|a vi, 307 pages ;
|c 24 cm.
|
| 336 |
|
|
|a text
|b txt
|2 rdacontent
|
| 337 |
|
|
|a unmediated
|b n
|2 rdamedia
|
| 338 |
|
|
|a volume
|b nc
|2 rdacarrier
|
| 504 |
|
|
|a Includes bibliographical references and indexes.
|
| 505 |
0 |
|
|t Introduction /
|r Lilah Grace Canevaro and Donncha O'Rourke --
|t Part I. Theory. --
|t Knowledge is power: dynamics of (dis)empowerment in didactic poetry /
|r Donncha O'Rourke --
|t Thinking for yourself: Hesiod's Works and days and cognitive training /
|r Lilah Grace Canevaro --
|t Part II. Tracing tradition. --
|t Homer Ethicus /
|r David Sider --
|t Elegiac pharmacology: the didactic heirs of Nicander? /
|r Floris Overduin --
|t Name puns and acrostics in didactic poetry: reading the universe /
|r Monica R. Gale -- Part III. Comparisons and continuations. --
|t DIdactic and apocalyptic turns: clarity and obscurity, Homer and Hesiod in the Sibylline oracles /
|r Helen Van Noorden --
|t Embodied teaching: Ludlul Bēl Nēmeqi and the Babylonian didactic tradition /
|r Johannes Haubold --
|t Fauna and erotic didactics in archaic Greek and Kalanga oral wisdom literatures /
|r Madhlozi Moyo --
|t Scientia demands the Latin muse: the authority of didactic poetry in early-modern Scotland /
|r David McOmish.
|
| 650 |
|
0 |
|a Didactic poetry, Classical
|x History and criticism.
|
| 700 |
1 |
|
|a Canevaro, Lilah Grace,
|e editor.
|
| 700 |
1 |
|
|a O'Rourke, Donncha,
|e editor.
|
| 945 |
|
|
|b 414546
|
| 947 |
|
|
|a A14850783243
|
| 948 |
|
|
|a cataloged
|b h
|c 2020/6/26
|d c
|e dmitchel
|f 11:44:28 am
|
| 994 |
|
|
|a 92
|b TXA
|
| 999 |
f |
f |
|s bd2ab541-ff9a-317b-af80-76ff6acb82f7
|i 3e282717-8cb3-36df-8188-375cb0c4e203
|t 0
|
| 952 |
f |
f |
|p normal
|a Texas A&M University
|b College Station
|c Sterling C. Evans Library
|d Evans: Library Stacks
|t 0
|e PA3022.D5 D53 2019
|h Library of Congress classification
|i unmediated -- volume
|m A14850783243
|
| 998 |
f |
f |
|a PA3022.D5 D53 2019
|t 0
|l Evans: Library Stacks
|